| 000 | 00617nam a2200193 i 4500 | ||
|---|---|---|---|
| 001 | 51905 | ||
| 003 | ES-MaACL | ||
| 005 | 20250731063027.0 | ||
| 007 | t| | ||
| 008 | 030820s1982 sp ||||1| spa d | ||
| 100 | 1 |
_aDarwin, Charles, _d1809-1882 _942770 |
|
| 245 | 1 | 0 |
_aViaje de un naturalista alrededor del mundo / _cCharles R. Darwin. |
| 260 |
_aMadrid : _bAnjana, _c1982. |
||
| 300 |
_a457 p., 1 map. pleg. : _bil. ; _c25 cm. |
||
| 611 | 2 |
_aBeagle Expedition. _d(1831-1836) _939 |
|
| 651 | 4 |
_aAmérica del Sur- _xDescripción. _97712 |
|
| 852 |
_aES-MaACL _jL-2575 _bR.103122 |
||
| 999 |
_c51905 _d51905 |
||